<?xml version='1.0' encoding='UTF-8'?><?xml-stylesheet href='static/style.xsl' type='text/xsl'?><OAI-PMH xmlns="http://www.openarchives.org/OAI/2.0/" xmlns:xsi="http://www.w3.org/2001/XMLSchema-instance" xsi:schemaLocation="http://www.openarchives.org/OAI/2.0/ http://www.openarchives.org/OAI/2.0/OAI-PMH.xsd"><responseDate>2026-04-30T21:22:06Z</responseDate><request verb="GetRecord" identifier="oai:ebiltegia.mondragon.edu:20.500.11984/3962" metadataPrefix="marc">https://ebiltegia.mondragon.edu/oai/request</request><GetRecord><record><header><identifier>oai:ebiltegia.mondragon.edu:20.500.11984/3962</identifier><datestamp>2024-01-04T21:56:52Z</datestamp><setSpec>com_20.500.11984_1736</setSpec><setSpec>com_20.500.11984_1627</setSpec><setSpec>col_20.500.11984_1972</setSpec></header><metadata><record xmlns="http://www.loc.gov/MARC21/slim" xmlns:dcterms="http://purl.org/dc/terms/" xmlns:xsi="http://www.w3.org/2001/XMLSchema-instance" xmlns:doc="http://www.lyncode.com/xoai" xsi:schemaLocation="http://www.loc.gov/MARC21/slim http://www.loc.gov/standards/marcxml/schema/MARC21slim.xsd">
   <leader>00925njm 22002777a 4500</leader>
   <datafield ind2=" " ind1=" " tag="042">
      <subfield code="a">dc</subfield>
   </datafield>
   <datafield ind2=" " ind1=" " tag="720">
      <subfield code="a">Mondragon Unibertsitatea</subfield>
      <subfield code="e">author</subfield>
   </datafield>
   <datafield ind2=" " ind1=" " tag="260">
      <subfield code="c">2014-07-10</subfield>
   </datafield>
   <datafield ind2=" " ind1=" " tag="520">
      <subfield code="a">Berrikuntzak dakartza 2014ko urrian hasiko den Euskal Kulturgintzaren Transmisioa (EKT) aditu tituluaren 5. edizioak. Batetik, saio presentzialak hilean behin emango dira, modu trinkoan, asteburuetan. Bestetik, hizlariekin hartu-eman sakonagoa izateko aukera egongo da. Aurreko edizioetan bezala, oraingoan ere, euskal kulturaren ordezkari ezagunek hartuko du parte Mondragon Unibertsitatearen Eskoriatzako campusean egingo diren saioetan.</subfield>
   </datafield>
   <datafield ind2=" " ind1=" " tag="520">
      <subfield code="a">La quinta edición del curso experto en Transmisión de la Cultura Vasca (Euskal Kulturgintzaren Transmisioa) de Mondragon Unibertsitatea viene cargada de novedades. Por una parte, las actividades presenciales se realizarán de modo intensivo una vez al mes, y por otro lado, habrá más posibilidades de interacción con los conferenciantes. El curso se impartirá en Eskoriatza, en la Facultad de Humanidades y  Ciencias de la Educación de Mondragon Unibertsitatea.</subfield>
   </datafield>
   <datafield ind1="8" ind2=" " tag="024">
      <subfield code="a">https://hdl.handle.net/20.500.11984/3962</subfield>
   </datafield>
   <datafield tag="653" ind2=" " ind1=" ">
      <subfield code="a">Humanitate eta Hezkuntza Zientzien Fakultatea</subfield>
   </datafield>
   <datafield ind2="0" ind1="0" tag="245">
      <subfield code="a">Zabalik dago matrikula-aldia Euskal Kulturgintzaren Transmisioa aditu tituluaren 5. edizioan</subfield>
   </datafield>
   <datafield ind2="0" ind1="0" tag="245">
      <subfield code="a">Abierto el plazo de matrícula para la quinta edición del curso experto Euskal Kulturgintzaren Transmisioa</subfield>
   </datafield>
</record></metadata></record></GetRecord></OAI-PMH>